Catálogo
 En Linea

El lapso / (Registro nro. 49032)

Detalles MARC
000 -CABECERA
campo de control de longitud fija 00656nam a22002177a 4500
003 - IDENTIFICADOR DEL NÚMERO DE CONTROL
campo de control OSt
005 - FECHA Y HORA DE LA ÚLTIMA TRANSACCIÓN
campo de control 20210513151853.0
008 - DATOS DE LONGITUD FIJA--INFORMACIÓN GENERAL
campo de control de longitud fija 100812s2018 dr 000 0 spa d
020 ## - NÚMERO INTERNACIONAL ESTÁNDAR DEL LIBRO
Número Internacional Estándar del Libro 9789945090963
040 ## - FUENTE DE LA CATALOGACIÓN
Centro catalogador/agencia de origen DO-SdBNP
Lengua de catalogación spa
Centro/agencia transcriptor BNPHHU
082 ## - NÚMERO DE LA CLASIFICACIÓN DECIMAL DEWEY
Número de clasificación xxxx
Número de documento/Ítem G216l
100 1# - ENTRADA PRINCIPAL--NOMBRE DE PERSONA
Nombre de persona Garcia , Ruthy
Fechas asociadas al nombre 1957-
9 (RLIN) 33511
245 13 - MENCIÓN DE TÍTULO
Título El lapso /
Mención de responsabilidad, etc. Ruthy Garcia
246 ## - FORMA VARIANTE DE TÍTULO
Título propio/Titulo breve El lapso :
Resto del título un paseo dentro de una mente atormentada /
260 ## - PUBLICACIÓN, DISTRIBUCIÓN, ETC.
Lugar de publicación, distribución, etc. Santo Domingo;
-- [s.d.],
Fecha de publicación, distribución, etc. 2018.
300 ## - DESCRIPCIÓN FÍSICA
Extensión 171 p.
Dimensiones 23 cm.
500 ## - NOTA GENERAL
Nota general La biblioteca posee la 1ra. parte.
500 ## - NOTA GENERAL
Nota general Incluye datos biográficos de la autora.
590 ## - NOTA LOCAL (RLIN)
Nota local Inventariado, 2020 /YL
942 ## - ELEMENTOS DE PUNTO DE ACCESO ADICIONAL (KOHA)
Fuente del sistema de clasificación o colocación Dewey Decimal Classification
Tipo de ítem Koha Libro
Existencias
Estado de retiro Estado de pérdida Fuente del sistema de clasificación o colocación Restricciones de uso No para préstamo Código de colección Localización permanente Ubicación/localización actual Ubicación en estantería Fecha de adquisición Fuente de adquisición Total de préstamos Signatura topográfica completa Código de barras Fecha visto por última vez Precio válido a partir de Tipo de ítem Koha Número de copia
    Dewey Decimal Classification Excluido de préstamo Excluido de préstamo Patrimonio Dominicano Biblioteca Nacional Pedro Henríquez Ureña Biblioteca Nacional Pedro Henríquez Ureña En catalogación 03.05.2018 Ruthy Garcia   xxxx G216l 2020-0354 03.11.2020 03.11.2020 Libro y Folleto Colección Patrimonio Dominicano  
    Dewey Decimal Classification Excluido de préstamo Excluido de préstamo Patrimonio Dominicano Biblioteca Nacional Pedro Henríquez Ureña Biblioteca Nacional Pedro Henríquez Ureña En catalogación 03.05.2018 Ruthy Garcia   xxxx G216l 2020-0355 03.11.2020 03.11.2020 Libro y Folleto Colección Patrimonio Dominicano e. 2

Con tecnología Koha